000
00240nam a2200097Ia 4500
082
_a
641.8653 BERR
245
0
_a
Fast cakes
100
_a
Berry, Mary, London, 2009
_9
17297
942
_c
BK
008
210817s9999 xx 000 0 und d
999
_c
368793
_d
368794